<?xml version="1.0" encoding="UTF-8"?>
<record
    xmlns:xsi="http://www.w3.org/2001/XMLSchema-instance"
    xsi:schemaLocation="http://www.loc.gov/MARC21/slim http://www.loc.gov/standards/marcxml/schema/MARC21slim.xsd"
    xmlns="http://www.loc.gov/MARC21/slim">

  <leader>00897nam a22001577a 4500</leader>
  <controlfield tag="003">OSt</controlfield>
  <controlfield tag="005">20160509150300.0</controlfield>
  <controlfield tag="008">160509b        xxu||||| |||| 00| 0 eng d</controlfield>
  <datafield tag="040" ind1=" " ind2=" ">
    <subfield code="c">RUA</subfield>
  </datafield>
  <datafield tag="082" ind1=" " ind2=" ">
    <subfield code="a">AGR LOR 2012 B470 Or.1</subfield>
  </datafield>
  <datafield tag="100" ind1=" " ind2=" ">
    <subfield code="9">8333</subfield>
    <subfield code="a">LOR VANDARITH; &#x17A1;&#x17C4; &#x179C;&#x178E;&#x17D2;&#x178E;&#x178A;&#x17B6;&#x179A;&#x17B7;&#x1791;&#x17D2;&#x1792;</subfield>
  </datafield>
  <datafield tag="245" ind1=" " ind2=" ">
    <subfield code="a">Effect of herbicide on weeds in ir66 rice fields in kchao village, saray commune, tramkok district, takeo province; &#x1794;&#x17D2;&#x179A;&#x179F;&#x17B7;&#x1791;&#x17D2;&#x1792;&#x1797;&#x17B6;&#x1796;&#x1790;&#x17D2;&#x1793;&#x17B6;&#x17C6;&#x179F;&#x17C6;&#x179B;&#x17B6;&#x1794;&#x17CB;&#x179F;&#x17D2;&#x1798;&#x17C5;&#x1795;&#x17D2;&#x179F;&#x17C1;&#x1784;&#x17D7;&#x1782;&#x17D2;&#x1793;&#x17B6;&#x179B;&#x17BE;&#x1796;&#x17BC;&#x1787;&#x179F;&#x17D2;&#x179A;&#x17BC;&#x179C;&#x17A2;&#x17CA;&#x17B8;&#x17A2;&#x17CA;&#x17C2;&#x179A;&#x17E6;&#x17E6; &#x1780;&#x17D2;&#x1793;&#x17BB;&#x1784;&#x179B;&#x1780;&#x17D2;&#x1781;&#x1781;&#x178E;&#x17D2;&#x178C;&#x178A;&#x17BE;&#x1798;&#x179A;&#x178A;&#x17BC;&#x179C;&#x179C;&#x179F;&#x17D2;&#x179F;&#x17B6; &#x1793;&#x17C5;&#x1797;&#x17BC;&#x1798;&#x17B7;&#x1781;&#x17D2;&#x1785;&#x17C5; &#x1783;&#x17BB;&#x17C6;&#x17A2;&#x17BC;&#x179A;&#x179F;&#x17B6;&#x179A;&#x17B6;&#x1799; &#x179F;&#x17D2;&#x179A;&#x17BB;&#x1780;&#x178F;&#x17D2;&#x179A;&#x17B6;&#x17C6;&#x1780;&#x1780;&#x17CB; &#x1781;&#x17C1;&#x178F;&#x17D2;&#x178F;&#x178F;&#x17B6;&#x1780;&#x17C2;&#x179C;</subfield>
  </datafield>
  <datafield tag="260" ind1=" " ind2=" ">
    <subfield code="a">Phnom Penh</subfield>
    <subfield code="b">RUA</subfield>
    <subfield code="c">2012</subfield>
  </datafield>
  <datafield tag="300" ind1=" " ind2=" ">
    <subfield code="a">x;45p.</subfield>
    <subfield code="b">ill.</subfield>
    <subfield code="c">29cm.</subfield>
  </datafield>
  <datafield tag="942" ind1=" " ind2=" ">
    <subfield code="2">ddc</subfield>
    <subfield code="c">AGR</subfield>
  </datafield>
  <datafield tag="999" ind1=" " ind2=" ">
    <subfield code="c">7985</subfield>
    <subfield code="d">7985</subfield>
  </datafield>
  <datafield tag="952" ind1=" " ind2=" ">
    <subfield code="0">0</subfield>
    <subfield code="1">0</subfield>
    <subfield code="2">ddc</subfield>
    <subfield code="4">0</subfield>
    <subfield code="6">AGR_LOR_2012_000000000000000_B470_OR_1</subfield>
    <subfield code="7">0</subfield>
    <subfield code="9">45609</subfield>
    <subfield code="a">LBB</subfield>
    <subfield code="b">LBB</subfield>
    <subfield code="c">B470</subfield>
    <subfield code="d">2016-05-09</subfield>
    <subfield code="l">2</subfield>
    <subfield code="o">AGR LOR 2012 B470 Or.1</subfield>
    <subfield code="p">RUA058261</subfield>
    <subfield code="q">2025-01-29</subfield>
    <subfield code="r">2024-12-23</subfield>
    <subfield code="s">2024-12-23</subfield>
    <subfield code="w">2016-05-09</subfield>
    <subfield code="y">AGR</subfield>
  </datafield>
</record>
